000 00423nam a2200157 i 4500
001 150036
003 ES-MaACL
005 20230906203343.0
007 t|
008 071026s1951 sp ||||1| spa d
100 1 _aValle Hernández, Dolores.
_9112792
245 1 0 _aImposible /
_cDolores Valle Hernández.
260 _aMadrid :
_b[s.n.],
_c1951.
300 _a64 p. ;
_c18 cm.
852 _aES-MaACL
_j1940-F-10
_bR.31560
999 _c150036
_d150036